[Event "ThanksGibbons B"]
[Site "Winnipeg CAN"]
[Date "2006.10.22"]
[Round "4"]
[White "Adol, Deng"]
[Black "Greenberg, Harley"]
[Result "1/2-1/2"]
[WhiteElo "1782"]
[BlackElo "1796"]
[PlyCount "105"]
[EventDate "2006.10.20"]
[EventType "tourn"]
[EventRounds "5"]
[EventCountry "CAN"]

1. e4 c5 2. Bc4 Nc6 3. Qh5 e6 4. a3 Nf6 5. Qe2 Nd4 6. Qd3 b5 7. Ba2 Bb7 8. f3
Qc7 9. c4 Be7 10. cxb5 O-O 11. Nc3 Rad8 12. Nge2 d5 13. exd5 Nxd5 14. O-O Nxc3
15. dxc3 Nxf3+ 16. Rxf3 Rxd3 17. Rxd3 Rd8 18. Rxd8+ Qxd8 19. Be3 Qd3 20. Kf2
Qxb5 21. b4 cxb4 22. axb4 Qc6 23. Rg1 Bf6 24. c4 Qa4 25. Bb1 Qxb4 26. Bd3 Qd6
27. Rb1 Qc6 28. Bxa7 g6 29. g3 Qf3+ 30. Ke1 Qxd3 31. Rxb7 Qxc4 32. Be3 Kg7 33.
h3 Qe4 34. Rb3 Be5 35. h4 Qd5 36. Rb6 Kf6 37. Kf2 h5 38. Ra6 Kf5 39. Ra7 f6 40.
Ra4 g5 41. Nd4+ Bxd4 42. Rxd4 Qxd4 43. Bxd4 e5 44. Bc3 gxh4 45. gxh4 Kg4 46.
Kg2 Kxh4 47. Kf3 Kg5 48. Ke4 Kg4 49. Ke3 h4 50. Kf2 h3 51. Ba5 f5 52. Bc7 e4
53. Ke3 1/2-1/2

[Event "ThanksGibbons B"]
[Site "Winnipeg CAN"]
[Date "2006.10.22"]
[Round "4"]
[White "Khedkar, Jay"]
[Black "Cleto, Sam"]
[Result "0-1"]
[WhiteElo "1814"]
[BlackElo "1796"]
[PlyCount "58"]
[EventDate "2006.10.20"]
[EventType "tourn"]
[EventRounds "5"]
[EventCountry "CAN"]

1. e4 a6 2. d4 b5 3. Bd3 Bb7 4. Nf3 Nf6 5. Qe2 e6 6. Bg5 Be7 7. Nbd2 h6 8. Bh4
g5 9. Bg3 Nh5 10. Ne5 Nxg3 11. hxg3 d6 12. Ng4 h5 13. d5 c5 14. c3 Kd7 15. Ne3
c4 16. Bc2 g4 17. a4 Bf6 18. a5 Kc7 19. f3 Nd7 20. dxe6 fxe6 21. fxg4 h4 22.
Nf3 hxg3 23. O-O-O Rxh1 24. Rxh1 Rc8 25. Nxc4 bxc4 26. Qxc4+ Kb8 27. Qxe6 Nc5
28. Qf5 Bc6 29. g5 Bg7 0-1

[Event "ThanksGibbons B"]
[Site "Winnipeg CAN"]
[Date "2006.10.22"]
[Round "4"]
[White "Prince, Colin"]
[Black "Silva, T Romeo"]
[Result "1-0"]
[WhiteElo "1829"]
[BlackElo "1785"]
[PlyCount "77"]
[EventDate "2006.10.20"]
[EventType "tourn"]
[EventRounds "5"]
[EventCountry "CAN"]

1. e4 d5 2. exd5 Qxd5 3. Nf3 Bg4 4. Be2 Nf6 5. Nc3 Qd8 6. d4 c6 7. O-O e6 8.
Re1 Be7 9. Ne5 Bxe2 10. Qxe2 O-O 11. Be3 Nbd7 12. Rad1 Qa5 13. Bg5 Bb4 14. Rd3
Nxe5 15. dxe5 Nd5 16. Bd2 Nxc3 17. bxc3 Bc5 18. Rg3 Rfd8 19. Bh6 g6 20. Bg5 Rd7
21. Bf6 Bf8 22. Qh5 h6 23. h4 Qxc3 24. Ree3 Qxc2 25. Kh2 Kh7 26. Qg4 h5 27. Qf3
Bh6 28. Bg5 Bg7 29. Re4 Qb1 30. Rh3 Rf8 31. g4 hxg4 32. Qxg4 Qd1 33. Rf3 Rh8
34. h5 gxh5 35. Qg3 Qd5 36. Rh4 Bxe5 37. Rxh5+ Kg6 38. Bf4+ Kxh5 39. Qg5# 1-0

[Event "ThanksGibbons B"]
[Site "Winnipeg CAN"]
[Date "2006.10.22"]
[Round "5"]
[White "Cleto, Sam"]
[Black "Prince, Colin"]
[Result "1-0"]
[WhiteElo "1796"]
[BlackElo "1829"]
[PlyCount "89"]
[EventDate "2006.10.20"]
[EventType "tourn"]
[EventRounds "5"]
[EventCountry "CAN"]

1. Nf3 d6 2. d4 g6 3. e4 Bg7 4. c3 Nf6 5. Nbd2 O-O 6. h3 e5 7. d5 Ne8 8. Bd3 f5
9. Qc2 f4 10. b3 Nd7 11. Ba3 Rf7 12. h4 h6 13. g3 Ndf6 14. gxf4 Ng4 15. fxe5
dxe5 16. Bc5 b6 17. Be3 a5 18. a4 Bf8 19. O-O-O Qd6 20. Rdg1 Nef6 21. Nc4 Qe7
22. Rg2 Bd7 23. Rhg1 h5 24. Ng5 Rg7 25. f3 Nxe3 26. Nxe3 Qa3+ 27. Qb2 Qxb2+ 28.
Kxb2 Bc5 29. Re1 b5 30. axb5 a4 31. b4 a3+ 32. Ka2 Bd6 33. Ne6 Bxe6 34. dxe6
Rd8 35. Bc4 Be7 36. Reg1 Kh8 37. Nf5 Rd2+ 38. Rxd2 gxf5 39. Rxg7 Kxg7 40. exf5
e4 41. Be2 Bd6 42. Rxd6 cxd6 43. b6 Nd5 44. b7 Nxc3+ 45. Kxa3 1-0

[Event "ThanksGibbons B"]
[Site "Winnipeg CAN"]
[Date "2006.10.22"]
[Round "5"]
[White "Greenberg, Harley"]
[Black "Khedkar, Jay"]
[Result "0-1"]
[WhiteElo "1796"]
[BlackElo "1814"]
[PlyCount "83"]
[EventDate "2006.10.20"]
[EventType "tourn"]
[EventRounds "5"]
[EventCountry "CAN"]

1. d4 Nf6 2. c4 d6 3. Nf3 Nbd7 4. Nc3 e5 5. e4 Be7 6. g3 O-O 7. Bg2 c6 8. O-O
Qc7 9. Qe2 Re8 10. b3 Nf8 11. Bb2 Bg4 12. d5 Ng6 13. h3 Bh5 14. Qd2 Bxf3 15.
Bxf3 c5 16. Bg2 h6 17. Ne2 Nh7 18. Kh2 Qd7 19. f4 exf4 20. gxf4 Nh4 21. Rg1 Bf6
22. Bh1 Qe7 23. Rg3 Bxb2 24. Qxb2 Qf6 25. e5 dxe5 26. Rag1 Nf5 27. R3g2 g6 28.
Rf2 Qh4 29. Ng3 Nxg3 30. Rxg3 exf4 31. Rg4 Qh5 32. Rgxf4 Ng5 33. Qc3 Re2 34. d6
Rd8 35. Bd5 Rxf2+ 36. Rxf2 Rxd6 37. Qe3 Ne6 38. Qg3 Rxd5 39. cxd5 Qxd5 40. Qe3
Kg7 41. Qd2 Qe5+ 42. Kg1 0-1

[Event "ThanksGibbons C"]
[Site "Winnipeg CAN"]
[Date "2006.10.20"]
[Round "1"]
[White "Cowdrey, Eric"]
[Black "Einarsson, Ken"]
[Result "1/2-1/2"]
[WhiteElo "1708"]
[BlackElo "1656"]
[PlyCount "98"]
[EventDate "2006.10.20"]
[EventType "tourn"]
[EventRounds "5"]
[EventCountry "CAN"]

1. d4 d5 2. c4 e6 3. Nc3 Nf6 4. Bg5 Be7 5. e3 O-O 6. Nf3 h6 7. Bh4 c6 8. Be2
Nbd7 9. O-O Ne4 10. Bxe7 Qxe7 11. Qc2 Ng5 12. Nxg5 Qxg5 13. Rac1 f5 14. f4 Qe7
15. c5 b6 16. b4 bxc5 17. bxc5 Nb8 18. Rb1 a5 19. Rb6 Ba6 20. Bxa6 Rxa6 21.
Rxa6 Nxa6 22. Qa4 Qc7 23. Rb1 Rb8 24. Rxb8+ Nxb8 25. Qb3 Na6 26. Na4 Qb8 27.
Nb6 Qa7 28. Qa4 Nb8 29. Kf2 Qa6 30. Qb3 Qb5 31. h3 Kf7 32. Nc8 Qxb3 33. axb3
Ke8 34. Nd6+ Kd7 35. Nb7 Kc7 36. Nxa5 Na6 37. Ke2 Nb4 38. Kd2 Kb8 39. Kc3 Na2+
40. Kb2 Nb4 41. Ka3 Nc2+ 42. Ka4 Kc7 43. b4 Nxe3 44. Nxc6 Kxc6 45. b5+ Kb7 46.
Ka5 Nc4+ 47. Kb4 g5 48. g3 g4 49. h4 h5 1/2-1/2

[Event "ThanksGibbons C"]
[Site "Winnipeg CAN"]
[Date "2006.10.20"]
[Round "1"]
[White "Green, Jim"]
[Black "Kohalmi, Andy"]
[Result "1-0"]
[WhiteElo "1739"]
[BlackElo "1683"]
[PlyCount "43"]
[EventDate "2006.10.20"]
[EventType "tourn"]
[EventRounds "5"]
[EventCountry "CAN"]

1. e4 c5 2. Nf3 a6 3. d4 cxd4 4. Nxd4 Nf6 5. Nc3 Qc7 6. f4 e6 7. e5 Nd5 8. Nxd5
exd5 9. c3 d6 10. exd6 Qxd6 11. Qc2 Be7 12. Bd3 g6 13. O-O O-O 14. f5 Nd7 15.
Bh6 Re8 16. fxg6 hxg6 17. Bf4 Ne5 18. Bxe5 Qxe5 19. Bxg6 fxg6 20. Qxg6+ Qg7 21.
Qxe8+ Bf8 22. Rf3 1-0

[Event "ThanksGibbons C"]
[Site "Winnipeg CAN"]
[Date "2006.10.20"]
[Round "1"]
[White "Pottinger, Carl"]
[Black "Klokow, John"]
[Result "1-0"]
[WhiteElo "1714"]
[BlackElo "1769"]
[PlyCount "93"]
[EventDate "2006.10.20"]
[EventType "tourn"]
[EventRounds "5"]
[EventCountry "CAN"]

1. c4 b6 2. Nc3 Bb7 3. e4 e6 4. d3 Bb4 5. Nge2 Ne7 6. a3 Bxc3+ 7. Nxc3 Ng6 8.
g3 O-O 9. Bg2 f5 10. f4 d6 11. O-O Nd7 12. Re1 Qf6 13. Nb5 fxe4 14. dxe4 Qd8
15. b4 e5 16. f5 Nh8 17. g4 a6 18. Nc3 Qh4 19. Nd5 Rac8 20. Re3 Nf6 21. Rh3
Qxg4 22. Qxg4 Nxg4 23. Ne7+ Kf7 24. Nxc8 Rxc8 25. Rxh7 Nf6 26. Rh4 Ke7 27. Bg5
Nf7 28. Bxf6+ Kxf6 29. Rg4 Rh8 30. Rg6+ Ke7 31. Rxg7 Rh4 32. Re1 Kf8 33. Rg3
Nd8 34. b5 a5 35. a4 Ba8 36. Rh3 Rxh3 37. Bxh3 Nb7 38. Bg2 Nc5 39. Ra1 Kf7 40.
Kf2 Bxe4 41. Bxe4 Nxe4+ 42. Ke3 Nf6 43. Kf3 Nh5 44. h4 Kf6 45. Ke4 Ng3+ 46. Kd5
Nxf5 47. Kc6 1-0

[Event "ThanksGibbons C"]
[Site "Winnipeg CAN"]
[Date "2006.10.21"]
[Round "2"]
[White "Klokow, John"]
[Black "Einarsson, Ken"]
[Result "1-0"]
[WhiteElo "1769"]
[BlackElo "1656"]
[PlyCount "95"]
[EventDate "2006.10.20"]
[EventType "tourn"]
[EventRounds "5"]
[EventCountry "CAN"]

1. e4 e5 2. Nf3 Nc6 3. Bb5 Bc5 4. O-O d6 5. c3 a6 6. Ba4 b5 7. Bc2 Bg4 8. d3
Nf6 9. Re1 h6 10. Nbd2 O-O 11. Nf1 d5 12. h3 Bh5 13. Ng3 Bg6 14. d4 exd4 15.
cxd4 Bb4 16. Bd2 dxe4 17. Bxb4 Nxb4 18. Bxe4 Nxe4 19. Nxe4 Re8 20. Ne5 Bxe4 21.
Rxe4 f6 22. Qb3+ Qd5 23. Qxb4 Qxe4 24. Nf3 Qd5 25. Qc5 Qxc5 26. dxc5 Re2 27.
Rb1 Rc2 28. b4 Rxa2 29. Kf1 a5 30. bxa5 R8xa5 31. Nd4 Ra1 32. Rxa1 Rxa1+ 33.
Ke2 Ra2+ 34. Ke3 b4 35. c6 b3 36. Kd3 Rxf2 37. Nxb3 Rxg2 38. Nc5 Rg3+ 39. Kd4
Rxh3 40. Ne6 Rh1 41. Nxc7 Rc1 42. Kd5 h5 43. Ne6 g5 44. Nc5 Ra1 45. Nd7 Kf7 46.
c7 Rd1+ 47. Kc6 Rc1+ 48. Nc5 1-0

[Event "ThanksGibbons C"]
[Site "Winnipeg CAN"]
[Date "2006.10.21"]
[Round "2"]
[White "Kohalmi, Andy"]
[Black "Cowdrey, Eric"]
[Result "1-0"]
[WhiteElo "1683"]
[BlackElo "1708"]
[PlyCount "87"]
[EventDate "2006.10.20"]
[EventType "tourn"]
[EventRounds "5"]
[EventCountry "CAN"]

1. d4 d5 2. Nf3 Nf6 3. e3 e6 4. Bd3 c5 5. b3 Nc6 6. Bb2 Be7 7. Nbd2 Qc7 8. Ne5
cxd4 9. exd4 O-O 10. Nxc6 bxc6 11. O-O a5 12. Qe2 Bb7 13. Rac1 c5 14. Nf3 Rfc8
15. c4 Qd8 16. Rfd1 cxd4 17. Bxd4 dxc4 18. Bxc4 Nd5 19. Qb2 Bf6 20. Bxf6 Qxf6
21. Qxf6 gxf6 22. Rd4 a4 23. Rcd1 axb3 24. axb3 Rc7 25. h3 h6 26. Nd2 f5 27.
Nf3 Rac8 28. Ne5 Kg7 29. R1d3 Kf6 30. f4 Ra8 31. Rd1 Ra3 32. Kh2 Ba8 33. R1d2
Ne3 34. Rd7 Raa7 35. Rd8 Rxc4 36. bxc4 Nf1+ 37. Kg1 Nxd2 38. Rxd2 Ke7 39. g3 f6
40. Ng6+ Kf7 41. Nh4 Ra1+ 42. Kf2 Rc1 43. Rd7+ Kg8 44. Rd8+ 1-0

[Event "ThanksGibbons C"]
[Site "Winnipeg CAN"]
[Date "2006.10.21"]
[Round "2"]
[White "Pottinger, Carl"]
[Black "Green, Jim"]
[Result "0-1"]
[WhiteElo "1714"]
[BlackElo "1739"]
[PlyCount "49"]
[EventDate "2006.10.20"]
[EventType "tourn"]
[EventRounds "5"]
[EventCountry "CAN"]

1. c4 Nf6 2. g3 c6 3. Bg2 d5 4. cxd5 Nxd5 5. Nf3 g6 6. O-O Bg7 7. d4 O-O 8. Nc3
Nxc3 9. bxc3 Nd7 10. e4 c5 11. Nh4 cxd4 12. cxd4 Nb6 13. Nf3 Bg4 14. e5 Qd7 15.
Bb2 Rfc8 16. Rc1 Rc4 17. Rxc4 Nxc4 18. Ba1 Rc8 19. Re1 Bh6 20. Qd3 Bf5 21. Qb3
Na5 22. Qa3 b6 23. Nh4 Nc4 24. Qa6 Bd3 25. f4 0-1

[Event "ThanksGibbons C"]
[Site "Winnipeg CAN"]
[Date "2006.10.21"]
[Round "3"]
[White "Einarsson, Ken"]
[Black "Kohalmi, Andy"]
[Result "1-0"]
[WhiteElo "1656"]
[BlackElo "1683"]
[PlyCount "53"]
[EventDate "2006.10.20"]
[EventType "tourn"]
[EventRounds "5"]
[EventCountry "CAN"]

1. d4 Nf6 2. c4 e6 3. Nc3 b6 4. e4 Bb4 5. Bd3 Bb7 6. f3 c5 7. d5 exd5 8. exd5
O-O 9. Nge2 Re8 10. O-O h6 11. Nb5 d6 12. Bf4 a6 13. Nxd6 Re7 14. a3 Ba5 15.
Ng3 g5 16. Nxb7 Rxb7 17. Bd2 b5 18. b3 Bxd2 19. Qxd2 Rb6 20. Nf5 Nh5 21. d6 Qf6
22. Be4 Ra7 23. Ne7+ Kf8 24. Nc8 Rd7 25. Nxb6 Rxd6 26. Nd5 Qe5 27. Rae1 1-0

[Event "ThanksGibbons C"]
[Site "Winnipeg CAN"]
[Date "2006.10.21"]
[Round "3"]
[White "Green, Jim"]
[Black "Klokow, John"]
[Result "1/2-1/2"]
[WhiteElo "1739"]
[BlackElo "1769"]
[PlyCount "85"]
[EventDate "2006.10.20"]
[EventType "tourn"]
[EventRounds "5"]
[EventCountry "CAN"]

1. e4 e5 2. Nf3 Nc6 3. Bb5 Nf6 4. d3 d6 5. O-O Be7 6. c4 O-O 7. Bxc6 bxc6 8.
Nc3 Nd7 9. d4 f5 10. d5 c5 11. exf5 Rxf5 12. Ne4 Nb6 13. b3 h6 14. Be3 Qe8 15.
Ng3 Rf8 16. Nd2 Qg6 17. Qb1 Qxb1 18. Raxb1 Bd7 19. a4 Be8 20. f3 Bg6 21. Nge4
Nd7 22. b4 cxb4 23. Rxb4 Rfb8 24. Rfb1 Rxb4 25. Rxb4 a5 26. Rb5 Bd8 27. c5 Nf6
28. cxd6 Nxe4 29. dxc7 Bxc7 30. Nxe4 Bxe4 31. fxe4 Bd6 32. Bc5 Bxc5+ 33. Rxc5
Kf7 34. Rc7+ Kf6 35. Rc6+ Kg5 36. d6 Kf4 37. Rc7 g5 38. Rc5 Kxe4 39. d7 Rd8 40.
Rc7 Kd3 41. Rc5 e4 42. Rd5+ Ke2 43. h3 1/2-1/2

[Event "ThanksGibbons C"]
[Site "Winnipeg CAN"]
[Date "2006.10.22"]
[Round "4"]
[White "Klokow, John"]
[Black "Kohalmi, Andy"]
[Result "0-1"]
[WhiteElo "1769"]
[BlackElo "1683"]
[PlyCount "96"]
[EventDate "2006.10.20"]
[EventType "tourn"]
[EventRounds "5"]
[EventCountry "CAN"]

1. e4 c5 2. Nf3 e6 3. d4 cxd4 4. Nxd4 a6 5. Nc3 Qc7 6. g3 Nf6 7. Bg2 Bb4 8. Bd2
O-O 9. O-O Bc5 10. Nb3 Be7 11. Qe2 d6 12. Rad1 Nbd7 13. f4 Rb8 14. g4 h6 15. g5
hxg5 16. fxg5 Nh7 17. g6 fxg6 18. Rxf8+ Ndxf8 19. Rf1 b5 20. Bf4 Nf6 21. e5 Ne8
22. exd6 Bxd6 23. Bxd6 Nxd6 24. Kh1 Nc4 25. Nd4 Nxb2 26. Nc6 Rb7 27. Qf3 Nh7
28. Qg4 g5 29. Qb4 Nc4 30. Nd4 Rb6 31. Nd1 Bb7 32. Qe1 Bxg2+ 33. Kxg2 Qd6 34.
Qf2 Nf6 35. h3 Rb7 36. Nc3 Re7 37. Re1 g4 38. Nce2 Qd5+ 39. Kh2 gxh3 40. Kxh3
Qh5+ 41. Qh4 Qxh4+ 42. Kxh4 e5 43. Nf5 Rc7 44. c3 Ne4 45. Rc1 Ncd6 46. Nh6+ Kh7
47. Ng4 Nf5+ 48. Kh3 Nxc3 0-1

[Event "ThanksGibbons C"]
[Site "Winnipeg CAN"]
[Date "2006.10.22"]
[Round "4"]
[White "Pottinger, Carl"]
[Black "Einarsson, Ken"]
[Result "1-0"]
[WhiteElo "1714"]
[BlackElo "1656"]
[PlyCount "63"]
[EventDate "2006.10.20"]
[EventType "tourn"]
[EventRounds "5"]
[EventCountry "CAN"]

1. c4 c5 2. g3 Nc6 3. Bg2 e5 4. e4 Nf6 5. Ne2 Be7 6. O-O O-O 7. d3 d6 8. Nbc3
Nd4 9. h3 h6 10. Be3 a6 11. Qd2 Bd7 12. Kh2 b5 13. b3 Qc8 14. f4 Kh7 15. f5
bxc4 16. dxc4 a5 17. g4 a4 18. bxa4 Bxa4 19. g5 hxg5 20. Bxg5 Rh8 21. Bxf6 Bxf6
22. Nd5 Bd8 23. Bf3 Bd7 24. Bg4 Kg8 25. Rg1 Ra3 26. Rg3 Qa6 27. Rxa3 Qxa3 28.
Qc3 Qa6 29. Ng3 Bg5 30. Nh5 g6 31. Nhf6+ Bxf6 32. Nxf6+ 1-0

[Event "ThanksGibbons C"]
[Site "Winnipeg CAN"]
[Date "2006.10.22"]
[Round "5"]
[White "Einarsson, Ken"]
[Black "Green, Jim"]
[Result "1/2-1/2"]
[WhiteElo "1656"]
[BlackElo "1739"]
[PlyCount "73"]
[EventDate "2006.10.20"]
[EventType "tourn"]
[EventRounds "5"]
[EventCountry "CAN"]

1. e4 d5 2. exd5 Qxd5 3. Nc3 Qd6 4. d4 c6 5. Nf3 Bg4 6. Be2 Nd7 7. h3 Bxf3 8.
Bxf3 Ngf6 9. O-O g6 10. Re1 e6 11. d5 O-O-O 12. dxc6 Qxd1 13. cxb7+ Kb8 14.
Rxd1 e5 15. Be3 Be7 16. Rd2 Nb6 17. Rxd8+ Rxd8 18. a4 Nc4 19. Bg5 Ng8 20. Bxe7
Nxe7 21. a5 Rd2 22. a6 Rxc2 23. Rd1 Rd2 24. Rxd2 Nxd2 25. Be2 Nb3 26. Na4 f5
27. Bc4 Na5 28. Nc5 Nec6 29. Bb5 Kc7 30. Bxc6 Nxc6 31. Na4 Nb8 32. Nc5 Nc6 33.
Kf1 Nb8 34. Ke2 Kc6 35. Ne6 Nxa6 36. Nf8 Kxb7 37. Nxh7 1/2-1/2

[Event "ThanksGibbons C"]
[Site "Winnipeg CAN"]
[Date "2006.10.22"]
[Round "5"]
[White "Kohalmi, Andy"]
[Black "Pottinger, Carl"]
[Result "0-1"]
[WhiteElo "1683"]
[BlackElo "1714"]
[PlyCount "55"]
[EventDate "2006.10.20"]
[EventType "tourn"]
[EventRounds "5"]
[EventCountry "CAN"]

1. d4 d5 2. Nf3 e6 3. e3 Nf6 4. Bd3 c6 5. Nbd2 Bd6 6. b3 O-O 7. Bb2 Nbd7 8. Ne5
Qe7 9. Rb1 c5 10. O-O cxd4 11. exd4 a6 12. c4 b6 13. Nc6 Qe8 14. Nf3 Bb7 15.
Nce5 Qe7 16. Qe2 Rfc8 17. Ng5 Rf8 18. Qc2 h6 19. Ngf3 dxc4 20. Bxc4 Rac8 21.
Qe2 b5 22. Bd3 Rc7 23. h3 Rfc8 24. g4 Nd5 25. Qe4 N7f6 26. Qe1 Nf4 27. Qe3
Nxh3+ 28. Kh2 0-1

[Event "ThanksGibbons D"]
[Site "Winnipeg CAN"]
[Date "2006.10.20"]
[Round "1"]
[White "Anderson, George"]
[Black "Crawford, Gary"]
[Result "1-0"]
[WhiteElo "1444"]
[BlackElo "1290"]
[PlyCount "71"]
[EventDate "2006.10.20"]
[EventType "swiss"]
[EventRounds "5"]
[EventCountry "CAN"]

1. e4 c6 2. Qf3 d5 3. Nc3 dxe4 4. Nxe4 Qd5 5. Ne2 Qf5 6. Nd4 Qxf3 7. Nxf3 Nd7
8. Bc4 b5 9. Bb3 Ngf6 10. Nfg5 e6 11. d3 Nxe4 12. Nxe4 Nc5 13. Be3 Nxb3 14.
axb3 Be7 15. O-O O-O 16. Bxa7 f5 17. Bc5 Rxa1 18. Rxa1 Bxc5 19. Nxc5 Rd8 20.
Ra8 Kf8 21. Nxe6+ Bxe6 22. Rxd8+ Ke7 23. Ra8 h5 24. f3 h4 25. Kf2 g5 26. Ke3
f4+ 27. Kd4 h3 28. gxh3 Bxh3 29. Ke4 Bg2 30. Kf5 Bxf3 31. Kxg5 c5 32. Ra7+ Kd6
33. Kxf4 Bd1 34. d4 c4 35. Ra6+ Kd7 36. Ke5 1-0

[Event "ThanksGibbons D"]
[Site "Winnipeg CAN"]
[Date "2006.10.20"]
[Round "1"]
[White "Gannon, Keith"]
[Black "Green, Aaron"]
[Result "1/2-1/2"]
[WhiteElo "1534"]
[BlackElo "1359"]
[PlyCount "186"]
[EventDate "2006.10.20"]
[EventType "swiss"]
[EventRounds "5"]
[EventCountry "CAN"]

1. e4 c5 2. b3 d6 3. Bb2 Nc6 4. Nf3 Bg4 5. Be2 Nf6 6. Nc3 e6 7. O-O a6 8. a4
Be7 9. Re1 Nd7 10. d4 Bxf3 11. Bxf3 Nxd4 12. Bg4 O-O 13. Ne2 Nxe2+ 14. Bxe2 Nf6
15. Bf3 Ne8 16. Qd2 e5 17. c4 Nc7 18. Bc3 a5 19. Bxa5 Bg5 20. Qc3 Rb8 21. Bxc7
Qxc7 22. Qd3 Rfd8 23. h3 g6 24. Red1 h5 25. Qd5 Qe7 26. Be2 Rd7 27. Ra2 Rbd8
28. Rc2 Qe6 29. Qxe6 fxe6 30. g3 Kf7 31. h4 Bh6 32. Kg2 b6 33. Rd3 Ke7 34. g4
hxg4 35. Bxg4 Rg8 36. Rf3 Rdd8 37. Kh3 Rh8 38. Kg2 Rdg8 39. Kf1 g5 40. hxg5
Rxg5 41. Rg3 Rf8 42. Ke2 Rf4 43. f3 Rg7 44. Rb2 Rf8 45. b4 Rb8 46. bxc5 dxc5
47. Rg1 Bf4 48. a5 Rd8 49. axb6 Rh7 50. Rg2 Rh1 51. b7 Bg3 52. Rxg3 Rh2+ 53.
Ke3 Rxb2 54. Rh3 Kd6 55. Rh6 Re8 56. Rh7 Re7 57. Rh6 Rbxb7 58. Rf6 Rb6 59. Kd3
Rc6 60. Kc3 Kc7 61. Kc2 Kb6 62. Kc3 Ka5 63. Rh6 Rd6 64. Rh5 Red7 65. Rxe5 Rd3+
66. Kc2 Rd2+ 67. Kc1 Kb4 68. Bxe6 R7d3 69. Rd5 Kxc4 70. Re5+ Kd4 71. Rd5+ Ke3
72. Rxc5 Rd1+ 73. Kc2 R3d2+ 74. Kc3 Rc1+ 75. Kb4 Rxc5 76. Kxc5 Kxf3 77. Bd5 Kf4
78. Kd6 Re2 79. Ke6 Kg5 80. Ke5 Kg4 81. Be6+ Kg5 82. Bd5 Rf2 83. Be6 Rf4 84.
Bf5 Rf2 85. Ke6 Kf4 86. Kd5 Rd2+ 87. Ke6 Rb2 88. Kd5 Rb5+ 89. Kd4 Rb4+ 90. Kd5
Rb2 91. Ke6 Rd2 92. Kf6 Re2 93. Ke6 Re3 1/2-1/2

[Event "ThanksGibbons D"]
[Site "Winnipeg CAN"]
[Date "2006.10.20"]
[Round "1"]
[White "Gibbons, Lorne"]
[Black "Reimer, Bruce"]
[Result "0-1"]
[WhiteElo "1302"]
[BlackElo "1496"]
[PlyCount "151"]
[EventDate "2006.10.20"]
[EventType "swiss"]
[EventRounds "5"]
[EventCountry "CAN"]

1. d4 Nf6 2. c4 e5 3. dxe5 Ng4 4. Nf3 Nc6 5. Bf4 Bb4+ 6. Nc3 Bxc3+ 7. bxc3 Qe7
8. Qd5 f6 9. h3 Ngxe5 10. e3 Nxf3+ 11. Qxf3 d6 12. Bd3 O-O 13. O-O Ne5 14. Qd1
Be6 15. Bxe5 dxe5 16. Qc2 f5 17. f4 Qc5 18. fxe5 Qxe3+ 19. Kh1 Qxe5 20. Rae1
Qf6 21. Bxf5 Bxf5 22. Qxf5 Qxf5 23. Rxf5 Rxf5 24. Re7 Rf7 25. Rxf7 Kxf7 26. a4
Rf8 27. a5 Ke6 28. c5 Kd5 29. c4+ Kxc5 30. a6 bxa6 31. h4 Kxc4 32. g4 Rf2 33.
g5 Kd3 34. h5 c5 35. h6 c4 36. hxg7 c3 37. g8=Q c2 38. Qxh7+ Kd2 39. Qd7+ Ke2
40. Qe6+ Kf3 41. Qe1 Re2 42. Qc1 Ke4 43. g6 Kd3 44. Qf1 Kd2 45. Qf4+ Kd1 46.
Qd4+ Rd2 47. Qg1+ Ke2 48. Qg2+ Kd3 49. Qf3+ Kc4 50. Qe4+ Kc3 51. Qe3+ Rd3 52.
Qe1+ Kb2 53. Qb4+ Rb3 54. Qd4+ Kb1 55. Qe4 Kb2 56. Qd4+ Kb1 57. Qe4 Rb8 58. g7
Rg8 59. Qg6 a5 60. Kg2 a4 61. Kf2 a3 62. Ke2 a2 63. Kd2 Rd8+ 64. Kc3 a1=Q+ 65.
Kb4 Rg8 66. Qg1+ Ka2 67. Qxa7+ Kb1 68. Qg1+ c1=Q 69. Qg6+ Qc2 70. Qg1+ Kb2 71.
Qd4+ Kc1 72. Qg1+ Kd2 73. Qg2+ Kd3 74. Qf3+ Kd4 75. Qf6+ Kd5 76. Qxa1 0-1

[Event "ThanksGibbons D"]
[Site "Winnipeg CAN"]
[Date "2006.10.20"]
[Round "1"]
[White "Poustie, Harold"]
[Black "De Groot, Steven"]
[Result "1-0"]
[WhiteElo "1429"]
[BlackElo "1575"]
[PlyCount "61"]
[EventDate "2006.10.20"]
[EventType "swiss"]
[EventRounds "5"]
[EventCountry "CAN"]

1. e4 c5 2. Nf3 d6 3. Nc3 a6 4. a3 Nf6 5. Bc4 e6 6. d3 Be7 7. O-O O-O 8. Ng5 h6
9. Nh3 b5 10. Bb3 Qc7 11. f4 Bb7 12. Ne2 Nc6 13. c3 Rfe8 14. Bc2 Rad8 15. f5 e5
16. Ng3 d5 17. exd5 Rxd5 18. Nh5 c4 19. Nxf6+ Bxf6 20. Qf3 Red8 21. Qg4 cxd3
22. Bb3 R5d7 23. Bxh6 Kf8 24. Bxg7+ Bxg7 25. Ng5 Qb6+ 26. Kh1 Ke8 27. f6 Bf8
28. Qh5 Qc7 29. Ne6 Qd6 30. Ng7+ Bxg7 31. fxg7 1-0

[Event "ThanksGibbons D"]
[Site "Winnipeg CAN"]
[Date "2006.10.21"]
[Round "2"]
[White "Crawford, Gary"]
[Black "Wasserman, Leor"]
[Result "1-0"]
[WhiteElo "1290"]
[BlackElo "1388"]
[PlyCount "69"]
[EventDate "2006.10.20"]
[EventType "swiss"]
[EventRounds "5"]
[EventCountry "CAN"]

1. c4 e5 2. Nc3 Nf6 3. e4 Nc6 4. Nf3 Bc5 5. h3 d6 6. d3 Be6 7. a3 a5 8. Qe2 h6
9. Be3 Nd4 10. Bxd4 exd4 11. Nd5 c6 12. Nf4 b5 13. Nxe6 fxe6 14. cxb5 cxb5 15.
Rc1 Qb6 16. e5 Nd5 17. exd6 Qxd6 18. Qe5 Qxe5+ 19. Nxe5 Bd6 20. Nf3 e5 21. g3
Nf6 22. Bg2 Rb8 23. Rc6 Rd8 24. O-O O-O 25. Rb6 b4 26. axb4 axb4 27. Rc1 Nd5
28. Rb5 Nc7 29. Rb7 Ra8 30. Nd2 Ne6 31. Bd5 Rf6 32. Ne4 Rg6 33. Nxd6 Kh8 34.
Nf7+ Kg8 35. Nxe5 1-0

[Event "ThanksGibbons D"]
[Site "Winnipeg CAN"]
[Date "2006.10.21"]
[Round "2"]
[White "De Groot, Steven"]
[Black "Gannon, Keith"]
[Result "1-0"]
[WhiteElo "1575"]
[BlackElo "1534"]
[PlyCount "59"]
[EventDate "2006.10.20"]
[EventType "swiss"]
[EventRounds "5"]
[EventCountry "CAN"]

1. e4 c5 2. Nf3 d6 3. d4 cxd4 4. Nxd4 Nf6 5. Nc3 e6 6. Be3 a6 7. Be2 Be7 8. O-O
O-O 9. f4 Bd7 10. Qe1 Nc6 11. Qg3 Ne8 12. Nf3 Bf6 13. e5 dxe5 14. fxe5 Be7 15.
Rad1 f6 16. exf6 Bxf6 17. Bc4 Qc8 18. Qg4 Ne5 19. Nxe5 Bxe5 20. Rxd7 Rxf1+ 21.
Kxf1 Nc7 22. Bxe6+ Nxe6 23. Qxe6+ Kh8 24. Re7 Qxe6 25. Rxe6 Bxh2 26. Ne4 Rf8+
27. Ke2 Bc7 28. Re7 Rc8 29. Bd4 Kg8 30. Bxg7 1-0

[Event "ThanksGibbons D"]
[Site "Winnipeg CAN"]
[Date "2006.10.21"]
[Round "2"]
[White "Reimer, Bruce"]
[Black "Anderson, George"]
[Result "0-1"]
[WhiteElo "1496"]
[BlackElo "1444"]
[PlyCount "84"]
[EventDate "2006.10.20"]
[EventType "swiss"]
[EventRounds "5"]
[EventCountry "CAN"]

1. e4 e5 2. Nf3 Nc6 3. Bb5 Qf6 4. Nc3 Qg6 5. O-O Nf6 6. Bxc6 bxc6 7. Nxe5 Qh6
8. d3 Qh5 9. Qxh5 Nxh5 10. g4 Nf6 11. h3 Bd6 12. Nc4 Bc5 13. Be3 Bxe3 14. fxe3
d5 15. exd5 cxd5 16. Ne5 O-O 17. Rf2 c5 18. Raf1 Re8 19. d4 Ba6 20. Re1 h6 21.
h4 cxd4 22. exd4 Nxg4 23. Rf3 Nxe5 24. Rxe5 Rxe5 25. dxe5 d4 26. Nd5 Bb7 27.
Nf6+ gxf6 28. Rxf6 Re8 29. Rf5 Be4 30. Rf6 Bxc2 31. Rxh6 Rxe5 32. Ra6 d3 33.
Rd6 Ra5 34. a3 Rh5 35. Rd4 a5 36. Kf2 a4 37. Ke3 Re5+ 38. Kd2 Re2+ 39. Kc3 Rf2
40. Rxa4 Bxa4 41. Kxd3 Rxb2 42. Kc3 Rb3+ 0-1

[Event "ThanksGibbons D"]
[Site "Winnipeg CAN"]
[Date "2006.10.21"]
[Round "3"]
[White "Crawford, Gary"]
[Black "De Groot, Steven"]
[Result "0-1"]
[WhiteElo "1290"]
[BlackElo "1575"]
[PlyCount "59"]
[EventDate "2006.10.20"]
[EventType "swiss"]
[EventRounds "5"]
[EventCountry "CAN"]

1. c4 Nf6 2. Nc3 e6 3. g3 d5 4. cxd5 exd5 5. d4 Be7 6. Bg2 O-O 7. Nf3 c6 8. O-O
Bf5 9. Qb3 Qc8 10. Na4 Nbd7 11. Bf4 Nh5 12. Qe3 Re8 13. Ne5 Nxf4 14. Qxf4 Nxe5
15. dxe5 h6 16. e4 dxe4 17. Bxe4 Bxe4 18. Qxe4 Qe6 19. b3 f6 20. f4 fxe5 21.
Qxe5 Qxe5 22. fxe5 b5 23. Nc3 Bc5+ 24. Kg2 Rxe5 25. Rf4 Rf8 26. Rxf8+ Kxf8 27.
Rf1+ Ke7 28. Rf4 g5 29. Re4 Ke6 30. Kf3 0-1